000 00374pab a2200157 454500
008 180718b2013 xxu||||| |||| 00| 0 eng d
100 _aChaudhary, Amar Kumar
245 _aValue education: The need of the nation
260 _c2013
300 _ap.15-18.
362 _a8 Apr
650 _aValues education
773 _aUniversity News
908 _aN
909 _a99301
999 _c99300
_d99300